000 00256nam a2200097Ia 4500
008 170619s9999 xx 000 0 und d
100 _aJeyapoovan- T
245 0 _aEngineering Drawing & Graphics Using Auto CAD
260 _bVikash Publishing House
260 _c2012
546 _aENGLISH
999 _c21141
_d21141